Pays hôtes de la Coupe du Monde - Statistiques

Statistiques générales
  • Ce quiz a été pris 29 200 fois
    29 053 depuis la dernière actualisation
  • Le résultat moyen est 23 sur 26
Statistiques - réponses
Année Pays hôte % Correct
1998 France
99%
1938 France
99%
2014 Brésil
98%
1950 Brésil
98%
2018 Russie
97%
2006 Allemagne
96%
1974 Allemagne
96%
2026 États-Unis
95%
1994 Etats-Unis
95%
2022 Qatar
95%
2026 Canada
93%
2026 Mexique
93%
1986 Mexique
93%
1970 Mexique
93%
1982 Espagne
92%
1990 Italie
92%
1934 Italie
92%
1978 Argentine
91%
2010 Afrique du Sud
86%
2002 Japon
86%
1930 Uruguay
81%
1966 Angleterre
80%
2002 Corée du Sud
78%
1958 Suède
54%
1962 Chili
53%
1954 Suisse
50%
Aucun quiz correspondant
Distribution des résultats
% des personnes avec chaque résultat
Percentile par nombre de réponses
Votre historique - résultats
Vous n’avez pas pris ce quiz depuis la dernière actualisation